Buddha standard time : (Запис номер 470373)
[ съкратено ]
| 000 -Лидер | |
|---|---|
| Контролно поле с фиксирана дължина | 01077nam a2200253 a 4500 |
| 003 - Код на организацията, давaща контролен номер | |
| Контролно поле | BLK |
| 005 - Дата и час на последна редакция | |
| Контролно поле | 20230718091647.0 |
| 008 - Елементи от данни с фиксирана дължина | |
| fixed length control field | 220815|2011 nyu r 000 | eng d |
| 020 ## - Международен стандартен номер на книга ISBN | |
| Международен стандартен номер на книга ISBN | 9780061774560 |
| 040 ## - Източник на каталожния запис | |
| Transcribing agency | BLK |
| 041 ## - Код за език | |
| Код за езика на текст/звукозапис или на отделно заглавие | Английски |
| Код за езика КДБФ | Английски |
| 080 ## - УДК | |
| Текстов определител УДК | Парапсихология. Нумерология. - Халюцинации, пророчества, предсказания, магии, демонология, телепатия, спиритизъм, илюзии, нумерология, мошеничество. Вж и 133 ; 398.4 ; 615.851 |
| УДК код - определител по УДК | 159.961 |
| УДК - код + определител | 159.96 |
| 100 ## - Редна дума - Автор | |
| Автор | Surya Das, |
| Титли или други наименования, свързани с автора | Lama, |
| R(LIN) | 479334 |
| Авторска отговорност | първи авт. |
| 139 ## - Редно поле | |
| Редна дума | Surya Das, |
| Авторски знак | Sur - S 94 |
| 245 10 - Сведения за заглавието | |
| Заглавие | Buddha standard time : |
| Подзаглавни данни | awakening to the infinite possibilities of now / |
| Редно поле (дума) | Lama Surya Das. |
| 260 ## - Област на издателските данни | |
| Място на издаване, разпространение и проч. | New York, NY : |
| Име на издателя, разпространителя и проч. | HarperOne, |
| Година на издаване | 2011. |
| 300 ## - Физическа характеристика | |
| Страници | 214 p. ; |
| Размери/Мащаб | 24 cm. |
| 380 ## - Жанр | |
| Жанр | Общ отдел |
| 650 #7 - Допълнително описание по предмет – тема | |
| Основно описание – тема или топоним | Будизъм |
| 9 (RLIN) | 149253 |
| 650 #0 - Допълнително описание по предмет – тема | |
| Основно описание – тема или топоним | Медитация - популярна литература |
| 9 (RLIN) | 291274 |
| 942 ## - АРТИКУЛИ | |
| Вид на библиотечния материал | Книги |
| Скрит в OPAC | Не |
| Периодичен библиозапис | Да |
| 944 ## - СЪЗДАВАНЕ И РЕДАКЦИЯ на ЗАПИСА | |
| Създаване/Редакция | Създаване |
| Дата на регистрацията/редакция | 2022-08-15 |
| Служител, извършил регистрацията/редакцията | 30529 |
| Статус, дата на статуса | Диана Гривева |
| 999 ## - СИСТЕМНИ КОНТРОЛНИ НОМЕРА | |
| Koha biblionumber | 470373 |
| Koha biblioitemnumber | 470373 |
| 999 ## - СИСТЕМНИ КОНТРОЛНИ НОМЕРА | |
| Koha biblioitemnumber | 470373 |
| Код за отписване | Код за изгубен артикул | Източник на класификационната схема | Код за повреда | Коз за рестрикции | Код за отдаване | Артикулен № | Име на библиотеката - собственик | Име на библиотеката, в която се намира в момента | Статус (Текущо местоположение) | Дата на вписване в системата | Местоположение - отдел | Цена в лева | Систематично азбучна сигнатура | Баркод | Цена в евро | Служебен тип на артикула |
|---|---|---|---|---|---|---|---|---|---|---|---|---|---|---|---|---|
| Не е изгубен | Universal Decimal Classification | Не е повреден | без рестрикции | заемане за дома | 900124 | Регионална библиотека "Любен Каравелов" Русе | Регионална библиотека "Любен Каравелов" Русе | Заемна - подръчен фонд | 2022-08-15 | Заемна - подръчен фонд | 12.00 | 159.961/S 94 D | 120000874144 | 6.14 | Книги |